| 000 | 00815nam a22002297a 4500 | ||
|---|---|---|---|
| 999 |
_c16805 _d16805 |
||
| 003 | AR-CdUCM | ||
| 008 | 190506b ||||| |||| 00| 0 spa d | ||
| 040 |
_aMUNICIPALIDAD PROVINCIAL DEL CUSCO _cBIBLIOTECA MUNICIPAL DEL CUSCO |
||
| 041 | _heng. | ||
| 082 |
_a530.1 / _bE23 |
||
| 100 |
_aEddington, A.S. _936480 |
||
| 245 | _aEspacio, tiempo y gravitación / | ||
| 260 |
_aBarcelona : _bCALPE, _c1922. |
||
| 300 |
_a294 paginas ; _bDiagramas, _c21 cm. |
||
| 505 | _aContenido : ¿Que es geometría? --La contracción de Fitz-Gerald --Relatividad --El universo de cuatro dimensiones --Campos de fuerza ... | ||
| 650 |
_aRelatividad _920523 |
||
| 650 |
_aFísica _92382 |
||
| 650 |
_aTeoria _95077 |
||
| 700 |
_aJose Maria Plans y Freire (traductor) _936481 |
||
| 942 |
_2ddc _cLIBROS |
||
| 945 |
_arjall _d2019-05-06 |
||